00624nam a2200145Ia 4500008004100000024006000041082001800101100006400119245008500183260002600268600002700294650003300321856010700354999001700461260210s9999 xx 000 0 und d a09B-120-EE, 10B-141-EE, 10B-155-EE & 10B-160-EE a629.83072 SEH aSehrish Karim, Hammad Sharif, Abdul Manan & Malik Fahad 0aMicrocontroller and RFID Based Automatic Access Control Gatye and Logging System aKarachi:bUITU,c2010 aElectronic Engineering aBachelor of Engineering (BE) uhttps://drive.google.com/file/d/1QIOpha7kIMOZPlklFcy9bHZHLuRgzoDo/view?usp=sharingyClick here for PDF c33090d33090